| 000 | 00441nam a2200181Ia 4500 | ||
|---|---|---|---|
| 003 | GCL | ||
| 008 | 140319s9999 xx 000 0 eng d | ||
| 040 |
_aGCL / _cGCL |
||
| 082 | 0 | 4 |
_a927 _bR P |
| 100 | 1 | _aRUSTENHOLZ, ALAIN | |
| 245 | 1 | 0 |
_aPREVERT, INVENTAIRE / _cRUSTENHOLZ, ALAIN |
| 260 |
_a[S.N] : _bSEUIL ، _c1996 |
||
| 300 | _a343 P | ||
| 650 | 0 | 4 | _aMEN |
| 650 | 0 | 4 | _aBIOGRAPHIES |
| 650 | 0 | 4 | _aPREVERT, INVENTOIRE |
| 942 |
_2ddc _cBK |
||
| 999 |
_c15596 _d15596 |
||